Регионална библиотека "Любен Каравелов" - Русе

Изкушение (Запис номер 204631)

MARC детайли
000 -Лидер
Контролно поле с фиксирана дължина 01267nam a2200325 a 4500
003 - Код на организацията, давaща контролен номер
Контролно поле BLK
005 - Дата и час на последна редакция
Контролно поле 20240618151840.0
008 - Елементи от данни с фиксирана дължина
fixed length control field 180411b bul|||||r ||||||| ||bul||
020 ## - Международен стандартен номер на книга ISBN
Международен стандартен номер на книга ISBN 9789543992270
040 ## - Източник на каталожния запис
Идентификатор на билиотеката - собственик на записа BLK
041 ## - Код за език
Код за езика на текст/звукозапис или на отделно заглавие Български
Код за езика КДБФ Български
080 ## - УДК
Текстов определител УДК Американска литература (на САЩ)
УДК код - определител по УДК 821.111(73)
УДК определител -31
УДК - код + определител 821.111(73)-31
100 ## - Редна дума - Автор
Автор Кенеди, Дъглас
Авторска отговорност първи автор
R(LIN) 265304
139 ## - Редно поле
Редна дума Кенеди, Дъглас
Авторски знак Кел - К 50
245 10 - Сведения за заглавието
Заглавие Изкушение
Подзаглавни данни Роман
Редно поле (дума) Дъглас Кенеди ; прев. от англ. Павел Главусанов.
257 ## - Страна на издаване
Страна на създаване/издаване Съединени американски щати
260 ## - Област на издателските данни
Място на издаване, разпространение и проч. София
Име на издателя, разпространителя и проч. SBB Media
Година на издаване 2017
Печатница София : Ропринт
9 (RLIN) 220476
Издателство - префикс ISBN 978-954-399-
300 ## - Физическа характеристика
Страници 264 с.
Размери/Мащаб 20 см
380 ## - Жанр
Жанр Худож. лит.
490 ## - СЕРИИ (Колекции)
Име на серия Колекция Страст и изкушение
9 (RLIN) 209250
500 ## - Общи забележки
Забележка Ориг. загл. Temptation / Douglas Kennedy.
700 ## - Други автори (авторска отговорност)
Лично име Главусанов, Павел Грозданов
9 (RLIN) 241906
852 ## - Местоположение
Форматна сигнатура Цб 288062
Фондова буква Хранилище
852 ## - Местоположение
Фондова буква Заемна - подръчен фонд
Систематично-азбучна сигнатура 821-31/К 50 Д
856 4# - Електронен адрес и достъп
Електронен формат pdf - файл
Инструкция (цена за достъп) 0.00
Права за достъп disable
856 4# - Електронен адрес и достъп
Електронен формат pdf - файл
Инструкция (цена за достъп) 0.00
Права за достъп disable
999 ## - СИСТЕМНИ КОНТРОЛНИ НОМЕРА
Koha biblionumber 204631
Koha biblioitemnumber 204631
942 ## - АРТИКУЛИ
Вид на библиотечния материал Книги
Скрит в OPAC Не
Периодичен библиозапис Да
Koha issues (borrowed), all copies 2
944 ## - СЪЗДАВАНЕ И РЕДАКЦИЯ на ЗАПИСА
Създаване/Редакция Създаване
Дата на регистрацията/редакция 15.11.2017
Служител, извършил регистрацията/редакцията 30560
Статус, дата на статуса Геновева Генчева
944 ## - СЪЗДАВАНЕ И РЕДАКЦИЯ на ЗАПИСА
Създаване/Редакция Редакция
Дата на регистрацията/редакция 2023-03-27
Служител, извършил регистрацията/редакцията Кети
Наличности
Код за отписване Код за изгубен артикул Код за повреда Коз за рестрикции Код за отдаване Артикулен № Име на библиотеката - собственик Име на библиотеката, в която се намира в момента Статус (Текущо местоположение) Дата на вписване в системата Местоположение - отдел Цена в лева Инвентарен номер Систематично азбучна сигнатура Баркод Номер на екземпляра Цена в евро Служебна бележка Служебен тип на артикула Източник на класификационната схема
  Не е изгубен Не е повреден без рестрикции ползва се в читалня 352726 Регионална библиотека "Любен Каравелов" Русе Регионална библиотека "Любен Каравелов" Русе Хранилище 2017-11-16 Хранилище 8.00 120000816846 Цб 288062 120000816846 1 4.09 Дост: Dp Вид: Д N: 41 Дата: 13.09.2017 Книги  
  Не е изгубен Не е повреден без рестрикции заемане за дома 925388 Регионална библиотека "Любен Каравелов" Русе Регионална библиотека "Любен Каравелов" Русе Заемна - подръчен фонд 2023-03-28 Заемна - подръчен фонд 10.00 120000884728 821-31/К 50 Д 120000884728   5.11   Книги Universal Decimal Classification
Vip Innovations Ltd, Rousse, Bulgaria 2025